00721nam a2200181Ia 4500008004100000020001800041041000800059082002100067100002400088245011200112260002000224300000800244365001600252700002400268906005300292999001900345952017500364230718s9999 xx 000 0 und d a9789351108290 aeng a005.13'3074bLIL aLillis D.A.9197462 aR Graph EssentialsbUse R's Powerful Graphing Capabilities To Design And Create Professional-Level Graphics c2014bPackt/SPD a176 cRs.b375.00 aLillis D.A.9197462 dO:0449416-May-2015B:762213-Apr-2015cCOMPb86.25 c339401d339401 00104070aCCEPbCCEPd2015-05-16eTechnical Book ServicesfCOMPg288.75i7622l0o005.13'3074pCCEP-BK-50608r2023-07-18 00:00:00t86.25v375.00w2015-04-13yBKz050608